Targeting human security and ethical governance in the Phillippines (Record no. 61836)

000 -LEADER
fixed length control field 00478pab a2200169 454500
008 - FIXED-LENGTH DATA ELEMENTS--GENERAL INFORMATION
fixed length control field 180718b2004 xxu||||| |||| 00| 0 eng d
100 ## - MAIN ENTRY--PERSONAL NAME
Personal name Edralin, Josefa S.
245 ## - TITLE STATEMENT
Title Targeting human security and ethical governance in the Phillippines
260 ## - PUBLICATION, DISTRIBUTION, ETC.
Date of publication, distribution, etc. 2004
300 ## - PHYSICAL DESCRIPTION
Extent p.44-67.
362 ## - DATES OF PUBLICATION AND/OR SEQUENTIAL DESIGNATION
Dates of publication and/or sequential designation Autumn
650 ## - SUBJECT ADDED ENTRY--TOPICAL TERM
Topical term or geographic name entry element Social security - Philippines
650 ## - SUBJECT ADDED ENTRY--TOPICAL TERM
Topical term or geographic name entry element Social security
700 ## - ADDED ENTRY--PERSONAL NAME
Personal name Collado, Cristino M.
773 ## - HOST ITEM ENTRY
Main entry heading Regional Development Dialogue
909 ## -
-- 61836
Holdings
Withdrawn status Lost status Damaged status Not for loan Permanent Location Current Location Date acquired Serial Enumeration / chronology Barcode Date last seen Price effective from Koha item type
        Indian Institute of Public Administration Indian Institute of Public Administration 2018-07-19 Volume no: 24, Issue no: 2 AR62286 2018-07-19 2018-07-19 Articles

Powered by Koha